| 000 | 02188cam a2200565 4500 | ||
|---|---|---|---|
| 001 | 21750 | ||
| 003 | VRT | ||
| 005 | 20260309114214.0 | ||
| 008 | 210624s2019 xo af ar 000 j slo | ||
| 015 | _aSNBA2020/03 | ||
| 020 |
_a9788055167268 _q(viazané) |
||
| 035 | _aurn:nbn:sk:snk-am00ekom | ||
| 035 | _aurn:nbn:sk:snk-am3iike | ||
| 035 | _aF63651AA-94AF-4CFB-BBAD-A9F9435EBAC8 | ||
| 039 | 9 |
_a202203311457 _bAUTHORITY _c202203311456 _dAUTHORITY _c202106241208 _dVLOAD _c202102231414 _dVLOAD |
|
| 040 |
_aPOKPOH _bslo _cPOKPOH _dSNK _erda |
||
| 041 | 1 |
_aslo _heng |
|
| 044 |
_axo _cSK |
||
| 072 | 7 |
_a821.131.1-3 _xTalianska próza _2konspekt |
|
| 072 | 7 |
_a821-93 _xLiteratúra pre deti a mládež (beletria) _2konspekt |
|
| 080 |
_a821.131.1-34 _22011 |
||
| 080 |
_a82-93-053.4/.5 _22011 |
||
| 080 |
_a82-34:808.1 _22011 |
||
| 100 | 1 |
_aGaule, Matteo _4ill |
|
| 240 | 1 | 0 |
_aHansel and Gretel _lSlovensky |
| 245 | 1 | 0 |
_aJanko a Marienka _cMatteo Gaule ; z anglického originálu Hansel and Gretel ... preložila Barbora Vinczeová |
| 264 | 1 |
_aBratislava _bIkar, a.s. - Stonožka _c2019 |
|
| 300 |
_a27 nečíslovaných strán _bfarebné ilustrácie, ilustrované listy _c29 cm |
||
| 336 |
_atext _btxt _2rdacontent |
||
| 336 |
_astatický obraz _bsti _2rdacontent |
||
| 337 |
_abez média _bn _2rdamedia |
||
| 338 |
_azväzok _bnc _2rdacarrier |
||
| 500 | _aKniha má detailne vyrezávané strany a výrez na obale | ||
| 500 | _aÚdaje o preklade prevzaté z tiráže | ||
| 521 | 8 | _aPre deti od 3 rokov | |
| 655 | 7 |
_atalianske rozprávky _2SNKPH |
|
| 655 | 7 |
_aliteratúra pre deti _2SNKPH |
|
| 655 | 7 |
_aautorské rozprávky _2SNKPH |
|
| 655 | 7 |
_aItalian fairy tales _2SNKPHeng |
|
| 655 | 7 |
_aChildren's literature _2SNKPHeng |
|
| 655 | 7 |
_aAuthor fairy tales _2SNKPHeng |
|
| 700 | 1 |
_aVinczeová, Barbora, _d1992- _4trl |
|
| 910 | _asnk | ||
| 942 |
_2ddc _cKLDE _n0 |
||
| 949 |
_6273K0652352 _asvkpoC 60789 _bsvkpo643337 |
||
| 949 |
_6270001000576312 _asvkbbC 64297 _bsvkbbm 786972 |
||
| 949 |
_62889351059 _asavukPV 29275 _bsavuk2019/4300 |
||
| 949 |
_617A1394468 _asnkSB 94970 _bsnk2019/31987 _o2203/19 _s6100:20200309 |
||
| 949 |
_617A1394469 _asnkSB 94970 D1 _bsnk2019/31988 _o2203/19 |
||
| 999 |
_c21750 _d21750 |
||